| 000 | 01570nam a2200325 c 4500 | ||
|---|---|---|---|
| 003 | BLK | ||
| 005 | 20230505094507.0 | ||
| 008 | 180413b bul|||||r ||||||| ||bul|| | ||
| 010 | _aKNG00019129000 | ||
| 040 | _aBLK | ||
| 041 |
_aBUL _cBUL |
||
| 080 |
_aРуска литература _b821.161.1 _x-6 _z821.161.1-6 |
||
| 100 | 1 |
_aКороленко, Владимир Галактионович _9261783 |
|
| 700 | 1 |
_aГорки, Максим _d1868-1936 _gписател _qПешков, Алексей Максимович _eсъавт. _955187 |
|
| 700 | 1 |
_aДрагостинова, Манон Крумова _eпрев. от рус. _9261784 |
|
| 139 |
_aКороленко, Владимир Галактионович _bК 85 |
||
| 245 | 1 | 0 |
_aПисма _cВладимир Галактионович Короленко; съавт. Максим Горки; прев. от рус. Манон Крумова Драгостинова. |
| 257 | _aRUS | ||
| 260 |
_аСофия _bНар. култура _c1978 |
||
| 300 |
_a216 с. _c16 с. |
||
| 380 | _aX | ||
| 490 | 1 |
_aБиблиотека Панорама _v88 |
|
| 490 | 1 |
_3Подсерия _aЕпистолярно наследство _v4 |
|
| 500 | _aОриг. загл. Переписка, статьи, высказывания. - Съдържа и М. Горки. Из спомените за В. Г. Короленко и М. Горки. Времето на Короленко. - 10 125 тир. | ||
| 852 | _aЦб І 16678 | ||
| 856 | 4 |
_qpdf _u |
|
| 856 | 4 |
_qpdf _u |
|
| 942 |
_cKNG _n0 |
||
| 944 |
_aCR _c09.03.2018 _kГрета_Цуфелде |
||
| 944 |
_aED _c09.03.2018 _kГрета_Цуфелде |
||
| 999 |
_c17198 _d17198 |
||